000 00401nam a2200157Ia 4500
008 151213s9999 xx 000 0 und d
100 _aNoshirvan H. Jhabvala
245 _aThe Elements of Jurisprudence
_cNoshirvan H. Jhabvala
250 _a24th
260 _aMumbai India
_bC, Jamadas
300 _a3658 p.
650 _aLaw
650 _aLaw
700 _aNoshirvan H. Jhabvala
999 _c2440
_d2440